Statistics for Today Was a Fairytale (TV) - Taylor Swift (All Lyrics)

Click here to take the quiz!

General Stats

  • This quiz has been taken 14 times
  • The average score is 265 of 344

Answer Stats

Lyrics% Correct
a
100%
me
100%
was
100%
be
90%
fairytale
90%
fairytale,
90%
have
90%
I
90%
in
90%
it?
90%
It
90%
to
90%
Today
90%
You
90%
you
90%
by
80%
can
80%
dark
80%
down
80%
gray
80%
love
80%
prince
80%
the
80%
T-shirt
80%
way
80%
were
80%
when
80%
wore
80%
your
80%
air?
70%
and
70%
around
70%
around,
70%
been
70%
damsel
70%
distress
70%
dress
70%
feel
70%
kissed
70%
like
70%
magic
70%
must
70%
my
70%
pretty
70%
saw
70%
there
70%
this
70%
told
70%
up
70%
Whenever
70%
you're
70%
can't
60%
Fell
60%
hand
60%
Is,
60%
is
60%
It's
60%
it's
60%
looked
60%
mess
60%
picked
60%
slows
60%
standing
60%
Time
60%
time
60%
took
60%
used
60%
all
50%
at
50%
But
50%
Every
50%
say
50%
six
50%
yeah
50%
yeah,
50%
another
40%
beating
40%
chest
40%
Did
40%
heart
40%
made
40%
make,
40%
now
40%
oh,
40%
Oh,
40%
planet
40%
takes
40%
That
40%
that
40%
you've
40%
clearer
30%
everything
30%
face
30%
gettin'
30%
got
30%
move
30%
much
30%
Nothing
30%
put
30%
right
30%
sense
30%
smile
30%
so
30%
'til
30%
Well,
30%
woah
20%

Score Distribution

Percentile by Number Answered

Percent of People with Each Score

Your Score History

You have not taken this quiz